| 000 | 00719nam a2200193Ia 4500 | ||
|---|---|---|---|
| 001 | 14951 | ||
| 003 | GE_BSU | ||
| 008 | 181216s||||||||xx |||||||||||||| ||und|| | ||
| 040 | _cGE_BSU | ||
| 080 | _a517.984.4 | ||
| 100 | _aБирман,М.Ш. Соломяк.М.З. | ||
| 245 | _aСпектральная теория самосопряженных операторов в гильбертовом пространстве | ||
| 260 | _aЛенинград | ||
| 260 | _bЛенингр. ун-т | ||
| 260 | _c1980 | ||
| 300 | _a264стр.20см. | ||
| 653 | _aСпектральная теория самосопряженных операторов в гильбертовом пространстве | ||
| 942 | _cBK | ||
| 999 |
_c48071 _d48071 |
||